Náklady v poisťovniach a ich účtovanie

Rozdelenie nákladov poisťovne - obstarávacie náklady, správna réžia - charakteristika. Účtová trieda 5 - Náklady. Účtovanie na technických účtoch. Účtovanie na netechnickom účte. Vnútroorganizačné prevody nákladov.

Salvato in:
Dettagli Bibliografici
Autore principale: Majtánová, Anna
Natura: Capitolo di libro
Lingua:slovacco
Soggetti:
Tags: Aggiungi Tag
Nessun Tag, puoi essere il primo ad aggiungerne!!

MARC

LEADER 00000naa$a2200000$$$4500
001 0007539
005 20240502071352.0
041 0 |a slo 
044 |a SK 
245 1 0 |a Náklady v poisťovniach a ich účtovanie  |c aut. Anna Majtánová 
520 |a Rozdelenie nákladov poisťovne - obstarávacie náklady, správna réžia - charakteristika. Účtová trieda 5 - Náklady. Účtovanie na technických účtoch. Účtovanie na netechnickom účte. Vnútroorganizačné prevody nákladov. 
610 2 0 |a poisťovne 
610 2 0 |a náklady 
610 2 0 |a účtovanie 
100 1 |a Majtánová, Anna